'80s Movies by Characters Quiz Stats

 Plays Quiz Updated Apr 3, 2017

Challenge
Share
Tweet
Embed
Score 0/30 Timer 08:00
13 Plays Today
Character Movie % Correct
Marty McFly, Dr. Emmett Brown, Biff TannenBack to the Future
91.8%
Ursula, Sebastian, FlounderThe Little Mermaid
79.1%
Eddie Valiant, Judge Doom, Jessica RabbitWho Framed Roger Rabbit
77.7%
Vicki Vale, Harvey Dent, Alfred PennyworthBatman
74.4%
Clark Griswold, Rusty Griswold, Cousin EddieNational Lampoon's Vacation
69%
Bud Fox, Gordon Gekko, Darien TaylorWall Street
68.3%
Dr. Peter Venkman, Dana Barrett, Janine MelnitzGhostbusters
66.2%
Daniel LaRusso, Kesuke Miyagi, Johnny LawrenceThe Karate Kid
65.6%
Eliot Ness, Al Capone, Frank NittiThe Untouchables
64.6%
Ted Striker, Dr. Barry Rumack, Kareem Abdul-Jabbar Airplane
63%
Cameron Frye, Sloane Peterson, Edward RooneyFerris Bueller's Day Off
60.9%
Jake LaMotta, Vickie Thailer LaMotta, Joey LaMottaRaging Bull
59.1%
Det. Roger Murtaugh, Det. Martin Riggs, Peter McAllisterLethal Weapon
59%
Elliott, Michael, GertieE.T. the Extra-Terrestrial
56.5%
Andrew Clark, John Bender, Claire StandishThe Breakfast Club
51.6%
Character Movie % Correct
Lt. Frank Drebin, Jane Spencer, Det. NordbergThe Naked Gun: From the Files of Police Squad!
51.6%
Lt. Pete Mitchell, Lt. (j.g.) Nick Bradshaw, Lt. Tom KazanskyTop Gun
49.5%
Sally Albright, Harry Burns, MarieWhen Harry Met Sally...
48%
Joan Crawford, Christina Crawford, Greg SavittMommie Dearest
43.5%
Louis Winthorpe III, Billy Ray Valentine, Randolph DukeTrading Places
41.7%
Marion Ravenwood, Dr. René Belloq, Dr. Marcus BrodyRaiders of the Lost Ark
38.6%
Gordie Lachance, Chris Chambers, Teddy DuchampStand by Me
33.5%
Josh Baskin, Susan Lawrence, Billy KopekeBig
31.5%
Billy Peltzer, Kate Beringer, StripeGremlins
25.2%
Michael Dorsey, Dorothy Michaels, Julie NicholsTootsie
23.5%
Gary Wallace, Lisa, Wyatt DonnellyWeird Science
21.3%
Aurora Greenway, Emma Greenway Horton, Garrett Breedlove Terms of Endearment
18.7%
Judy Bernly, Doralee Rhodes, Franklin M. Hart Jr.Nine to Five
17.3%
Diane Freeling, Carol Anne Freeling, Tangina BarronsPoltergeist
15.6%
Ethel Thayer, Norman Thayer Jr., Chelsea Thayer WayneOn Golden Pond
15.3%

You're not logged in!

Compare scores with friends on all Sporcle quizzes.
Join for Free
OR
Log In

You Might Also Like...

Show Comments

Extras

Top Quizzes Today


Score Distribution

Your Account Isn't Verified!

In order to create a playlist on Sporcle, you need to verify the email address you used during registration. Go to your Sporcle Settings to finish the process.

Report this User

Report this user for behavior that violates our Community Guidelines.

Details: